书目信息 |
| 题名: |
画法几何及水利工程制图
|
|
| 作者: | 殷佩生 , 吕秋灵 主编 ;河海大学 编 | |
| 分册: | ||
| 出版信息: | 北京 高等教育出版社 2015 |
|
| 页数: | 373页 | |
| 开本: | 26cm | |
| 丛书名: | ||
| 单 册: | ||
| 中图分类: | TV222.1 | |
| 科图分类: | ||
| 主题词: | 画法几何--高等教育--教材 , 水利工程--工程制图--高等教育--教材 | |
| 电子资源: | ||
| ISBN: | 978-7-04-042203-0 | |
| 000 | 01084nam0 2200277 450 | |
| 001 | 0103548176 | |
| 005 | 20150924134618.0 | |
| 010 | @a978-7-04-042203-0@dCNY43.20 | |
| 100 | @a20150706d2015 em y0chiy0120 ea | |
| 101 | 0 | @achi |
| 102 | @aCN@b110000 | |
| 105 | @aa z 000yy | |
| 106 | @ar | |
| 200 | 1 | @a画法几何及水利工程制图@9Hua Fa Ji He Ji Shui Li Gong Cheng Zhi Tu @f殷佩生,吕秋灵主编@g河海大学工程CAD与图学教研室编@b专著 |
| 210 | @a北京@c高等教育出版社@d2015 | |
| 215 | @a373页@c彩照@d26cm | |
| 300 | @a普通高等教育“十一五”国家级规划教材 | |
| 330 | @a本书除绪论外,共分17章,主要内容有制图基本知识、投影的基础知识,点、直线、平面、立体,立体表面相交,组合体,轴测图,工程形体的表达方法,水工建筑中的常见曲面等。 | |
| 606 | 0 | @a画法几何@x高等教育@j教材 |
| 606 | 0 | @a水利工程@x工程制图@x高等教育@j教材 |
| 690 | @aTV222.1@v5 | |
| 701 | 0 | @a殷佩生@f(1955~)@4主编@9yin pei sheng |
| 701 | 0 | @a吕秋灵@f(1956~)@4主编@9lv qiu ling |
| 712 | 02 | @a河海大学@b工程CAD与图学教研室@4编@9he hai da xue |
| 801 | 0 | @aCN@bAZmarc@c20230907 |
| 905 | @aBZT@dTV222@e3@f1@sTV222/3 | |
| 画法几何及水利工程制图/殷佩生,吕秋灵主编/河海大学工程CAD与图学教研室编.-北京:高等教育出版社,2015 |
| 373页:彩照;26cm |
| 普通高等教育“十一五”国家级规划教材 |
| ISBN 978-7-04-042203-0:CNY43.20 |
| 本书除绪论外,共分17章,主要内容有制图基本知识、投影的基础知识,点、直线、平面、立体,立体表面相交,组合体,轴测图,工程形体的表达方法,水工建筑中的常见曲面等。 |
| ● |
| 相关链接 |
|
|
|
正题名:画法几何及水利工程制图
索取号:TV222/3
 
预约/预借
| 序号 | 登录号 | 条形码 | 馆藏地/架位号 | 状态 | 备注 |
| 1 | 2000009966 | 2000009966 | 旧书回溯/ [索取号:TV222/3] | 在馆 |